1044 1155 1179 1169 1195 1464 1764 1611 1456 1144 1197 1440 1836 1582 1271 1419 1623 1200 1593 1853 1306 1670 1314 1604 1339 1024 1499 1555 1071 1053 1140 1659 1046 1564 1229 1428 1733 1605 1379 1818 1957 1255 1305 1791 1948 1720 1316 1850 1237 1002 1831 1001 1529 1611 1815 1627 1270 1227 1693 1953 1863 1729 1050 1542 1993 1754 1975 1387 1362 1411 1427 1948 1920 1273 1194 1253 1898 1235 1561 1235 1321 1377 1745 1799 1764 1282 1247 1888 1406 1780 1386 1657 1016 1231 1670 1130 1455 1286 1273 BCNSPRNW ULIB Ver.6.0+V

เปลี่ยนเป็นภาษาไทย

Change to English
 แสดงรายละเอียดบรรณานุกรม
  กลับหน้าหลัก

Brief Record : Get Marc (ISO 2709) : E-mail record : QR code < ปิดหน้าต่าง
LEADER : 00000nam 2200000uu 4500
001    13399112104
003     ULIB
008    110627s2551||||th 000 0 tha d
020    9789748290263
090    นว.^bก274T 2551
100 0  กฤตธีร์
245 00 Tales behind the tale...เรื่องรักหลังตำนาน/^cกฤตธีร์
250    พิมพ์ครั้งที่ 2
260    กรุงเทพฯ :^bแจ่มใส,^c2551
300    255 หน้า
710 1  แจ่มใส
945    ^p169^l0^i024477
995    ทศพร
999 ^a ใช้งานได้ทุกระบบ
รายการนี้ยังไม่มีแท็ก
คุณยังไม่ได้ล็อกอิน คุณสามารถมีกิจกรรมร่วมกับเว็บไซต์ได้ แต่ต้องล็อกอินก่อน ::
  ล็อกอิน

รายการสื่อสารสนเทศ

ลำดับที่ ประเภท เลขเรียก/บาร์โค้ด สถานที่ สถานะ
- ไม่พบข้อมูล -

BibComment


ยังไม่เคยถูกคอมเมนท์

คอมเมนท์ทรัพยากรรายการนี้
  คอมเมนท์: Tales behind the ..


 Copyright 2026. Bcnsprnw @Library